000 00937cab a22001935a 4500
001 L154968
008 120213s2012 xxk 000 0 eng d
035 _a(Sirsi) u154968
041 0 _aeng
110 2 _aEuroProperty
_91216
245 0 0 _aWait and see in Portugal
260 _c2012
490 0 _aEuroProperty
_v6 February 2012, 6-7(2)
520 _aAlthough yields for prime retail centres are expected to adjust from around 6.5% to around 7% in the coming months, Portugal's real estate market is still not prepared to open its doors to opportunistic investors, with sellers preferring to retain their prime assets rather than face heavy losses. Real estate investment fell by 70% in 2011 over 2010 and foreign investment only accounted for 21% of the total invested, Euros 200m, the lowest figure registered over the past 20 years.
590 _aKA
651 4 _aPortugal
690 _aCommercial property
_96227
942 _n0
999 _c83764
_d83764